中国邻国国旗 - Statistics

General Stats
  • This quiz has been taken 888 times
  • The average score is 12 of 14
Answer Stats
Picture Answer % Correct
印度
99%
越南
97%
巴基斯坦
96%
俄罗斯
96%
缅甸
90%
尼泊尔
87%
朝鲜
85%
哈萨克斯坦
84%
阿富汗
79%
不丹
79%
蒙古
77%
老挝
76%
塔吉克斯坦
70%
吉尔吉斯斯坦
70%
No matching quizzes found
Score Distribution
Percent of People with Each Score
Percentile by Number Answered
Your Score History
You have not taken this quiz